La vecindad humana: fundamentos de la ethología
Uloženo v:
| Hlavní autor: | |
|---|---|
| Médium: | Kniha |
| Jazyk: | španělština |
| Vydáno: |
Madrid
Revista de Occidente
1969
|
| Témata: | |
| Tagy: |
Přidat tag
Žádné tagy, Buďte první, kdo vytvoří štítek k tomuto záznamu!
|
MARC
| LEADER | 00000nam a2200000 a 4500 | ||
|---|---|---|---|
| 001 | UCJ9204 | ||
| 003 | CL-VaPUC | ||
| 008 | 070309e19690000SP |||||||||||||||||spa|d | ||
| 082 | 0 | 4 | |a 196.1 |b GRA |2 21 |
| 100 | |a Granell Muñiz, Manuel |e author |9 556557 | ||
| 245 | 1 | 3 | |a La vecindad humana: fundamentos de la ethología |
| 300 | |a 527 p | ||
| 942 | |c BK | ||
| 945 | |d 20070309 00:00:00 |a jtorresc | ||
| 260 | |a Madrid |b Revista de Occidente |c 1969 | ||
| 500 | |a Donación del Dr. Luis Gómez Macker | ||
| 650 | 0 | |a Filosofía española |9 254895 | |
| 650 | 0 | |a Filosofía del espíritu |9 320175 | |
| 650 | 0 | |a Etnología |9 258726 | |
| 650 | 0 | |a Metafísica |9 265649 | |
| 583 | |a last modification |c 20070309 00:00:00 |k Rodrigo Vera | ||
| 999 | |c 324790 |d 324788 | ||
| 952 | |0 0 |1 0 |4 0 |6 196_100000000000000_GRA_1969 |7 0 |8 A |9 405153 |a FDOPOS |b FDOPOS |d 2019-11-22 |i 4270509 |o 196.1 GRA 1969 |p 4270509 |r 2025-01-22 |w 2019-11-22 |y BK |k MLA | ||